000 01622nam0a2200373 4500
001 RU\NLR\BIBL_A\010892985
005 20250624195854.0
010 _a978-5-94274-292-8
_9100
021 _aRU
_b2015-82551
_95031
035 _a(NILC)RuMoRGB-008048969
035 _a(NLR Aleph) 010892985
090 _a10563718
_c10563718
100 _a20151113d2015 |||y0rusy50 ca
101 0 _aeng
_drus
102 _aRU
105 _aa z 000yy
200 1 _aThe methods for direct detection of WIMP with mass < 0.5 GeV/c2
_fB. M. Ovchinnikov, I. I. Tkachev, V. V. Parusov
210 _aMoscow
_cInst. for nuclear research of the Russian acad. of sciences
_d2015
215 _a7, [1] с.
_cил.
_d29
225 1 _aPreprint INR
_fInst. for nuclear research of the Russ. acad. of sciences
_v1405/2015
300 _aРез. на рус. яз.
320 _aБиблиогр. в конце кн. (14 назв.)
541 1 _aМетоды прямого детектирования WIMP с массой ?0.5 ГэВ/с?
_zrus
606 _aТемная материя
_xПоиск
_92121025
_3RU\NLR\AUTH\661280777
606 _aДетекторы ядерного излучения газоразрядные проволочные
_92206694
_3RU\NLR\AUTH\661325775
686 1 _aВ632.93
700 1 _aOvčinnikov
_bB.M.
_f1933-
_gBoris Michajlovič
701 1 _aTkačev
_bI.I.
_f1957-
_gIgor' Ivanovič
701 1 _aParusov
_bВ. В.
_f1963-
_gViktor Vladimirovič
801 0 _aRU
_bРГБ
_c20151021
_gRCR
942 _cBOOK
980 _aNB